Normal view
MARC view
- الحربي،ابي اسحاق ابراهيم بن اسحاق ، البنداري،عبد الغفار سليمان/تحقيق
Entry Personal Name
001 - CONTROL NUMBER
- control field: 18294
003 - CONTROL NUMBER IDENTIFIER
- control field: JO-AjAnu
005 - DATE AND TIME OF LATEST TRANSACTION
- control field: 20230606073220.0
008 - FIXED-LENGTH DATA ELEMENTS
- fixed length control field: 230606|| aca||aabn | a|a d
040 ## - CATALOGING SOURCE
- Original cataloging agency: JO-AjAnu
- Transcribing agency: JO-AjAnu
100 ## - HEADING--PERSONAL NAME
- Personal name: الحربي،ابي اسحاق ابراهيم بن اسحاق ، البنداري،عبد الغفار سليمان/تحقيق
670 ## - SOURCE DATA FOUND
- Source citation: Work cat.: (JO-AjAnu)9391: الحربي،ابي اسحاق ابراهيم بن اسحاق ، البنداري،عبد الغفار سليمان/تحقيق, author, إكرام الضيف